000
00307nam a22001337a 4500
008
230907b ||||| |||| 00| 0 eng d
041
_a
eng
080
_a
51
082
_a
51NEW
100
_a
22
101
_a
MATEM
245
_a
UNPUBLISHED SCIENTIFIC PAPERS OF ISAAC NEWTON
_c
NEWTON .I
942
_2
udc
_c
BK
999
_c
60269
_d
60269